000 01083nam a2200277Ia 4500
003 OSt
005 20221005110230.0
006 a|||||r|||| 00| 0
007 ta
008 221004b |||||||| |||| 00| 0 mar d
020 _c200
024 _a92766
037 _b536, 15/03/2009, Vani Prakashan
_cTextual
040 _aCRL
_cCRL
_bmar
041 _2mar
_amar
082 _aO155,6M73x, 152L0
100 _aतिलक, लक्ष्मीबाई
245 0 _aस्मृति के चित्र
246 _aSmṛuti ke chitra
260 _aनई दिल्ली
_bसाहित्य अकादेमी भारत
_c1970
300 _a464पृ0
_ccm.
650 _aमराठी साहित्य
700 _a तिलक, देवदत्त नारायण, संपा.
_9164094
942 _hO155,6M73x, 152L0
_cTEXL
_2cc
999 _c1018192
_d1018192